[Event "4th Ordu Open 2018"]
[Site "Ordu"]
[Date "2018.04.11"]
[Round "1.10"]
[White "Asgharzadeh, Mitra"]
[Black "Haznedaroglu, Kivanc"]
[Result "0-1"]
[WhiteElo "2057"]
[BlackElo "2453"]
[Annotator "TA"]
[PlyCount "120"]
[EventType "swiss"]
[EventCountry "TUR"]
[SourceTitle "playchess.com"]
[Source "ChessBase"]
[SourceQuality "1"]

{[%evp 19,120,14,20,-9,0,-10,6,0,15,-18,0,-19,-16,-20,-18,-16,-16,-26,-19,-45,-58,-71,0,-5,0,4,46,48,39,0,0,0,8,4,17,16,16,0,42,0,4,0,0,0,0,0,34,37,99,0,35,27,41,85,97,0,102,69,77,94,76,70,63,39,33,35,21,0,8,-58,-15,-39,-35,-39,-30,-34,-16,-14,-11,-13,0,0,0,0,0,-8,-8,-8,-8,-8,-8,-32,-25,-37,-30,-65,-66,-614,-438,-854,-823,-1066,-1050]} 1. Nf3 d5 2. g3 c6 3. Bg2 Nf6 4. O-O Bg4 5. d3 Nbd7 6. Nbd2 e5 7. e4 dxe4 8. dxe4 Be7 9. h3 Bh5 10. c3 {A07: Réti Opening: New York and Capablanca Systems} O-O {LiveBook: 3 Games} 11. Re1 (11. Qc2 Re8 12. Re1 Qc7 13. Nh4 Nc5 14. Nb3 Rad8 15. Be3 Nfd7 16. Nf5 Bf8 {1-0 (47) Mamedyarov,S (2757)-Tomashevsky,E (2714) Sochi 2014}) 11... Qc7 12. Qc2 {The position is equal.} Rad8 13. Nh4 $146 ({Predecessor:} 13. Nb3 Nc5 14. Nxc5 Bxc5 15. Bg5 Bxf3 16. Bxf3 Be7 17. Rad1 h6 18. Be3 Nd7 19. Kg2 Nb6 20. b3 Bg5 {½-½ (20) Kiessling,A (1912)-Hansch,S (1934) Dresden 2012}) 13... Nc5 14. Nf5 Rfe8 15. b4 Nd3 16. Re3 Nxc1 17. Rxc1 Bf8 18. g4 Bg6 19. Rg3 c5 20. a3 cxb4 ({Better is} 20... h6 $17) 21. cxb4 $11 Qd7 22. Nc4 Rc8 23. Rc3 Rc6 24. Na5 Rxc3 25. Qxc3 h5 26. Bf3 hxg4 27. hxg4 Nh7 28. Rd1 Qb5 29. Rd5 Qb6 30. Rd7 (30. Rxe5 $2 Qf6 $19) 30... Ng5 31. Rxb7 Qe6 32. Bg2 Rc8 33. Rc7 $36 {[%mdl 2048] White has some pressure.} Rd8 {[#]} (33... Bxf5 $14 34. exf5 Rxc7 35. Qxc7 (35. fxe6 $2 {too greedy.} Rxc3 36. exf7+ Kxf7 $19) 35... Qa2) 34. Rc6 (34. Qc2 $1 $16) 34... Rd1+ 35. Kh2 Qd7 $1 36. Rc7 Qe6 {[#] aiming for ...Bxf5.} 37. Rc6 ({But not} 37. Rxa7 $2 Bxf5 38. gxf5 Qh6+ 39. Bh3 Rf1 $19) ({White should try} 37. Qc6 $1 $16) 37... Qa2 (37... Qd7 $1 $11) 38. Qc2 Rd2 39. Qxa2 Rxa2 40. Nc4 Rxf2 41. Nxe5 {Black must now prevent Rc8.} Nxe4 42. Nxg6 fxg6 43. Rxg6 Nf6 $1 44. Nd4 (44. Nh4 $11) 44... Ra2 {And now ...Bd6+ would win.} 45. Rg5 {next Ra5 is good for White.} Rxa3 46. Nc6 Bd6+ 47. Kg1 Bc7 48. Ne7+ Kf7 {Threatens to win with ...Bf4.} 49. Nd5 Bb6+ (49... Bd6 {feels hotter.} 50. Nxf6 Kxf6 51. Rf5+ Ke7 52. Rg5 Bxb4 53. Rxg7+ Kf6) 50. Nxb6 axb6 {[%mdl 4096] Endgame KRB-KRN} 51. Rb5 Nxg4 {...Ra1+ is the strong threat.} 52. Bb7 Rg3+ 53. Kf1 Nh2+ 54. Ke2 Rg6 55. Rf5+ Ke7 56. Bd5 Ng4 57. Rf7+ Kd6 $1 {[%cal Rd6d5]} 58. Be4 $2 {[%mdl 8192]} (58. Bb3 $15) 58... Re6 $19 {Black is clearly winning.} 59. Rf4 (59. Rxg7 $142 Rxe4+ 60. Kd3 Rxb4 61. Kc3) 59... Nf6 60. Kf3 g5 {Precision: White = 40%, Black = 50%.} 0-1

[Event "4th Ordu Open 2018"]
[Site "Ordu"]
[Date "2018.04.11"]
[Round "1.11"]
[White "Basso, Pier Luigi"]
[Black "Karaca, AlpEr Tunga"]
[Result "1-0"]
[WhiteElo "2459"]
[BlackElo "1910"]
[Annotator "TA"]
[PlyCount "73"]
[EventType "swiss"]
[EventCountry "TUR"]
[SourceTitle "playchess.com"]
[Source "ChessBase"]
[SourceQuality "1"]

{[%evp 30,73,62,60,75,68,69,72,96,45,33,40,46,57,55,64,68,79,107,108,237,239,241,239,238,237,238,235,227,233,311,295,310,276,589,575,5510,5235,3167,3027,4910,692,1978,1559,29989,545]} 1. d4 Nf6 2. c4 g6 3. Nc3 Bg7 4. g3 O-O 5. Bg2 c6 6. e4 d6 7. Nge2 e5 8. O-O Nbd7 9. h3 Re8 10. Be3 exd4 11. Nxd4 Nc5 12. Qc2 a5 13. Rad1 Qc7 14. Ndb5 {E69: King's Indian: Fianchetto: 6...Nbd7 7 0-0 e5 8 e4 c6 9 h3} (14. Rfe1 Be6 15. b3 Rad8 16. f4 Bc8 17. Bf2 Nfd7 18. Kh2 Nf8 19. Nde2 b6 20. Nd4 Nfe6 21. Nf3 Nf8 22. Bd4 f6 {½-½ (60) Nikolic,P (2603)-Kunin,V (2556) Berlin 2015}) 14... cxb5 15. Nxb5 Qe7 16. Nxd6 {LiveBook: 6 Games. White is slightly better.} Nfd7 17. Nxe8 Qxe8 18. f4 Qe7 $146 ({Predecessor:} 18... b6 19. e5 Bb7 20. Bd5 Rb8 21. Rfe1 Qe7 {1-0 (42) Ivanovic,N (2158)-Ivanisevic,D (2125) Belgrade 2017}) 19. Rd5 (19. e5 $16) 19... b6 $14 20. e5 {[#] aiming for Rxc5.} Bb7 21. Rd6 $36 {[%mdl 2048] White is pushing.} Bxg2 22. Qxg2 Rc8 23. Rfd1 Bf8 24. Qd5 {[%cal Rd6d7]} Qe8 (24... Rc7 $16 {is a better defense.} 25. Qa8 a4) 25. Rxd7 $18 Nxd7 26. Qxd7 Qxd7 27. Rxd7 Rxc4 {[%mdl 4096] Endgame KRB-KRB} 28. Rd8 {Threatens to win with f5.} ({Don't take} 28. Bxb6 Rc1+ 29. Kg2 Rc2+ 30. Kf3 Rxb2) 28... Kg7 29. Bxb6 Rc1+ 30. Kf2 Rc2+ 31. Ke3 Rxb2 $2 {[#]} (31... Bc5+ {is more resistant.} 32. Bxc5 Rxc5) 32. Bd4 Rg2 33. e6+ f6 34. Rd7+ Kg8 35. Kf3 (35. Bxf6 $142 Rxg3+ 36. Kf2 Rxh3 37. Rd8 Rh2+ 38. Kf1 Rh1+ 39. Ke2 Rh2+ 40. Kd3 Rh3+ 41. Kd4) 35... Rd2 36. Bxf6 Bb4 37. e7 {Precision: White = 47%, Black = 13%.} (37. Rg7+ $142 Kf8 38. Rxh7 Ke8 39. Rh8+ Bf8 40. e7 Rd3+ 41. Ke4 Rc3 42. Rxf8+ Kd7 43. e8=Q+ Kd6 44. Be7+ Kc7 45. Qb8+ Kc6 46. Rf6+ Kd7 47. Qd8#) 1-0

[Event "4th Ordu Open 2018"]
[Site "Ordu"]
[Date "2018.04.11"]
[Round "1.12"]
[White "Severcan, Sedat Sabri"]
[Black "Mammadov, Zaur"]
[Result "0-1"]
[WhiteElo "1993"]
[BlackElo "2454"]
[Annotator "TA"]
[PlyCount "74"]
[EventType "swiss"]
[EventCountry "TUR"]
[SourceTitle "playchess.com"]
[Source "ChessBase"]
[SourceQuality "1"]

{[%evp 22,74,3,0,11,-45,-38,-28,-38,-50,-57,-86,-89,-78,-66,-90,-98,-93,-76,-58,-65,-178,-183,-189,-188,-185,-190,-182,-181,-163,-193,-222,-220,-214,-129,-259,-260,-306,-317,-1324,-499,-29972,-29958,-29972,-29973,-29969,-29956,-29954,-6411,-29980,-29979,-29983,-29984,-29982,-29982]} 1. d4 d5 2. Nf3 Nf6 3. g3 c5 4. Bg2 Nc6 5. O-O e6 6. c4 dxc4 7. Qa4 Bd7 8. Qxc4 b5 9. Qd3 c4 10. Qd1 Rc8 11. Ne5 {E04: Open Catalan: 5 Nf3} (11. b3 Na5 12. Ne5 cxb3 13. axb3 Rxc1 14. Qxc1 Nxb3 15. Qb2 Nxa1 16. Qxa1 Bd6 17. Qxa7 O-O 18. Nxd7 Nxd7 {½-½ (77) Yu,Y (2751)-Harikrishna,P (2744) Huaian 2017}) 11... Nxe5 12. dxe5 {LiveBook: 4 Games} Nd5 (12... Ng4 {is interesting.} 13. a4 b4 14. Qd4 f5 15. exf6 Nxf6 16. Qxa7 Bc5) 13. Nc3 $146 (13. Bxd5 $11 exd5 14. Qxd5) ({Predecessor:} 13. Bxd5 exd5 14. Qxd5 Bc5 15. a4 b4 16. Nd2 O-O 17. Ne4 Be6 18. Qxd8 Rfxd8 {½-½ (40) Filipets,E (2296)-Poley,V (2254) Minsk 2016}) 13... Nxc3 $15 14. bxc3 Bc5 15. Qc2 O-O 16. Bb7 Rb8 17. Be4 h6 18. Rd1 Qc7 19. Kg2 b4 20. cxb4 Rxb4 {[#] White must now prevent ...Ba4.} 21. Ba3 (21. a4 $1 $15) 21... Ba4 $19 22. Qc3 Bxd1 23. Bxb4 Bxb4 ({Don't do} 23... Bxe2 24. Bxc5 Qxc5 25. Re1 $17) 24. Qxb4 Qxe5 25. Bh7+ Kxh7 26. Rxd1 {[%mdl 4096] Endgame KQR-KQR} Qe4+ 27. Kg1 Rc8 28. Rc1 (28. Qb1 $17 {was worth a try.} Qxb1 29. Rxb1) 28... Qxe2 29. Qb7 Rd8 30. Qxf7 $2 (30. Kg2) 30... c3 (30... Rd1+ $142 31. Rxd1 Qxd1+ 32. Kg2 Qd5+ 33. f3 c3) 31. Qe7 {[#]} (31. Kg2 $19 Rd3 32. h4) 31... Rd2 32. Qf7 Rd1+ 33. Rxd1 Qxd1+ 34. Kg2 Qd5+ ({Not} 34... c2 35. Qxe6 Qd3 36. Qc6 $17) 35. f3 Qc4 {Black mates.} 36. h4 c2 37. h5 Qc8 {Precision: White = 19%, Black = 76%.} 0-1

[Event "4th Ordu Open 2018"]
[Site "Ordu"]
[Date "2018.04.12"]
[Round "1.13"]
[White "Csonka, Balazs"]
[Black "Asadi, Motahare"]
[Result "1-0"]
[WhiteElo "2453"]
[BlackElo "2046"]
[Annotator "TA"]
[PlyCount "110"]
[EventType "swiss"]
[EventCountry "TUR"]
[SourceTitle "playchess.com"]
[Source "ChessBase"]
[SourceQuality "1"]

{[%evp 20,110,67,52,85,81,96,86,86,87,86,78,115,126,139,113,142,124,132,111,116,114,150,150,150,150,145,136,143,137,147,145,154,130,129,89,100,42,56,-69,-72,-36,-31,-59,10,0,0,10,23,48,48,18,18,23,28,25,66,48,86,81,96,72,65,48,71,63,61,0,73,66,175,169,159,139,154,0,0,0,0,0,0,-8,31,-177,679,677,679,682,670,665,648,635,788]} 1. d4 Nf6 2. c4 c5 3. d5 e6 4. Nc3 exd5 5. cxd5 d6 6. Nf3 g6 7. Bf4 a6 8. a4 Bg7 9. h3 O-O 10. e3 Qc7 {A61: Modern Benoni: Nf3 without early e4} (10... Qe7 11. Bd3 Nbd7 12. O-O Ne8 13. e4 Rb8 14. Re1 Nc7 15. Qd2 Ne5 16. Nxe5 Bxe5 17. Bxe5 Qxe5 18. a5 {1-0 (42) Akobian,V (2647)-Ponkratov,P (2613) Riadh 2017}) 11. Nd2 {LiveBook: 3 Games} Nfd7 12. Nc4 Ne5 {White is better.} 13. Bxe5 Bxe5 $146 ({Predecessor:} 13... dxe5 14. d6 Qd8 15. Nd5 Nd7 16. a5 Rb8 17. Be2 Nf6 18. Nxf6+ Bxf6 {1-0 (32) Kanep,S (2161)-Ivanov,P (1853) Viljandi 2015}) 14. Nxe5 dxe5 15. Bc4 Rd8 16. Qf3 Kg7 17. e4 Rd6 18. O-O Nd7 19. Rad1 Nf6 20. Qe3 Nh5 21. f4 Qe7 22. fxe5 ({Resist} 22. Qxc5 $6 Nxf4 23. Ne2 g5 $16) 22... Qxe5 23. Qxc5 Bd7 24. Qd4 Re8 25. a5 Nf6 26. Qf2 Re7 27. Rde1 Ne8 28. Kh1 (28. Qe3 $16) 28... Rf6 $14 29. Qh4 (29. Qd2 $14) 29... g5 $1 $15 {[%cal Rg5h4]} 30. Qh5 Rh6 31. Qf3 g4 (31... Nf6 $1 $15 32. Nb1 g4) 32. Qf4 $36 {[%mdl 2048] Black is under pressure.} gxh3 33. g3 Nd6 34. Bd3 Rg6 35. Qxe5+ Rxe5 36. Kh2 h5 37. Rf4 Rg4 38. Bf1 f5 39. Bxh3 Rg5 40. Ref1 Kf6 41. exf5 Re3 42. R4f3 Re5 43. Rf4 Re3 44. R1f3 $1 {[%cal Rf3e3]} Re1 {[#]} (44... Re5 $14) 45. Rb4 $1 $18 Bb5 46. Rff4 Re3 47. Rbe4 $2 ({Better is} 47. Rfe4 $16 Rgxg3 48. Re6+ Rxe6 49. fxe6) 47... Rgxg3 $11 48. Re6+ Kg5 49. Rxe3 Rxe3 50. Rf2 Kf6 51. Rg2 $2 {[#]} (51. Nxb5 $14 {stays ahead.} Nxb5 52. Rg2) 51... Rf3 $4 {[%mdl 8192]} (51... Rxh3+ $1 $19 {[%mdl 512]} 52. Kxh3 Bf1) 52. Rg6+ $18 {White is clearly winning.} Ke7 53. Re6+ Kd7 54. f6 Kc7 55. Kg2 Rd3 {Precision: White = 48%, Black = 49%.} 1-0

[Event "4th Ordu Open 2018"]
[Site "Ordu"]
[Date "2018.04.11"]
[Round "1.15"]
[White "Morozov, Nichita"]
[Black "Kizilkus, Akin"]
[Result "0-1"]
[WhiteElo "2443"]
[BlackElo "2040"]
[Annotator "TA"]
[PlyCount "106"]
[EventType "swiss"]
[EventCountry "TUR"]
[SourceTitle "playchess.com"]
[Source "ChessBase"]
[SourceQuality "1"]

{[%evp 24,106,62,33,40,13,32,13,23,35,35,31,31,0,0,0,12,0,14,-39,-27,-32,-29,-80,-38,-65,-40,-35,0,-54,18,16,23,-120,-46,-61,-43,-96,-100,-122,0,0,0,-327,-325,-307,-316,-312,-302,-316,-315,-412,-404,-393,-406,-502,-494,-481,-480,-552,-550,-618,-543,-528,-523,-691,-658,-651,-611,-647,-652,-623,-530,-498,-502,-712,-678,-720,-723,-1014,-1000,-807,-1441,-1482,-1453]} 1. d4 Nf6 2. Nf3 g6 3. c4 Bg7 4. Nc3 O-O 5. e4 d6 6. h3 e5 7. d5 a5 8. g4 Na6 9. Be3 Nc5 10. Nd2 Ne8 11. Qc2 f5 {E90: King's Indian: Classical: Early deviations and 6 h3} 12. gxf5 gxf5 13. O-O-O {LiveBook: 3 Games} Na6 {White is slightly better.} 14. f3 $146 ({Predecessor:} 14. exf5 Nb4 15. Qb1 c6 16. Bg2 cxd5 17. cxd5 e4 18. Bxe4 Kh8 19. Rhg1 {1-0 (43) Anton Guijarro,D (2476)-Moreno Tejera,E (2313) La Roda 2012}) 14... f4 15. Bf2 Nf6 16. c5 Nxc5 17. Bxc5 dxc5 18. Nc4 Ne8 19. d6 cxd6 20. Nb5 {[%cal Rc4d6]} Ra6 21. Rh2 (21. Qd2 $11) 21... Qe7 $15 22. Rhd2 {[%cal Rb5d6]} Rf6 $1 23. Kb1 (23. Nca3 $11 {keeps the balance.}) 23... Bf8 24. a4 Kh8 25. Nc3 Nc7 26. Na3 (26. Nb5 $11) 26... Ra8 (26... Qf7 $15) 27. Nab5 $11 Nxb5 28. Nd5 (28. Nxb5 $11 {was the only way to keep the balance.} Qd7 29. Rg2) 28... Qd8 (28... Nd4 $17 29. Rxd4 Qd8) 29. axb5 Rg6 {Threatens to win with ...Be6.} 30. b6 (30. Qc3 $15) 30... Bd7 $17 31. Qc3 Bc6 ({Black should play} 31... a4 $17 {White must now prevent ...Qh4.} 32. Nxf4 Rg3) 32. Nc7 $11 Rc8 {[#] ...Ba4 is the strong threat.} 33. Qxc5 $2 {[%mdl 8192]} (33. Qxe5+ $1 $11 {[%mdl 512] and White stays safe.} dxe5 34. Rxd8 Rxd8 35. Rxd8) 33... Qxc7 $19 (33... dxc5 34. Rxd8 Rxd8 35. Rxd8 $11) 34. bxc7 dxc5 35. Rd8 Rxc7 36. Rxf8+ Kg7 37. Rdd8 Rd7 38. Rg8+ Kh6 {[#] Hoping for ...Rxg8.} 39. Bc4 Rxd8 {Black is clearly winning.} 40. Rxd8 {[%mdl 4096] Endgame KRB-KRB} Kg5 41. Rh8 Rg7 42. Bg8 h5 43. Be6 Bd7 44. Bd5 Bxh3 45. Re8 Kf6 46. Rf8+ Ke7 47. Rh8 Rg5 48. Rh7+ Kf6 49. Rxb7 Bg2 50. Rb6+ Kg7 51. Be6 Bxf3 52. Bf5 Bg4 53. Rb7+ Kh8 {Precision: White = 32%, Black = 70%.} 0-1

[Event "4th Ordu Open 2018"]
[Site "Ordu"]
[Date "2018.04.11"]
[Round "1.16"]
[White "Karaahmetoglu, Ege"]
[Black "Radovanovic, Nikola"]
[Result "0-1"]
[WhiteElo "2017"]
[BlackElo "2440"]
[Annotator "TA"]
[PlyCount "62"]
[EventType "swiss"]
[EventCountry "TUR"]
[SourceTitle "playchess.com"]
[Source "ChessBase"]
[SourceQuality "1"]

{[%evp 25,62,-77,-81,-102,-87,-115,-85,-104,-86,-111,-108,-144,-97,-138,-137,-168,-113,-113,-112,-273,-217,-214,-206,-285,-208,-496,-332,-941,-922,-1377,-1352,-1414,-1374,-1466,-1399,-29995,-29996,-29996,-29997]} 1. e4 c5 2. Nf3 e6 3. d4 cxd4 4. Nxd4 Nf6 5. Nc3 d6 6. Be3 a6 7. f3 b5 {[%cal Bb7b5,Bb5b4][%mdl 32]} 8. Qd2 Nbd7 9. g4 h6 10. h4 b4 11. Nce2 {[%cal Bc3e2,Be2g3,Bg3f5][%mdl 32]} d5 {B80: Sicilian Scheveningen: 6 g3 and 6 Be3, including English Attack} 12. exd5 Nxd5 13. Bf2 Bb7 {LiveBook: 3 Games. Black is better.} 14. Rh3 $146 ({Predecessor:} 14. Bg2 Be7 15. f4 N7b6 16. g5 hxg5 17. hxg5 Rxh1+ 18. Bxh1 g6 19. Qd3 {0-1 (27) Minyeyevtsev,S (2203)-Burg,T (2490) Belgium 2014}) 14... Bc5 15. Ng3 e5 16. Nb3 Bxf2+ 17. Qxf2 Qc7 18. O-O-O Nf4 19. Nf5 {[#]} O-O $1 ({Resist} 19... Nxh3 20. Bxh3 Kf8 21. Qd2 $15) 20. g5 {[#]} h5 ({Much less strong is} 20... Nxh3 21. Bxh3 Rad8 22. gxh6 $11) (20... a5 $1 $19 {[%cal Ra5a4] Hoping for ...a4.} 21. gxh6 g6) 21. Rh2 $17 a5 {[%cal Ba6a5,Ba5a4][%mdl 32] Threatens to win with ...a4.} 22. Kb1 $2 (22. Nd2 $17) 22... a4 $19 23. Nc1 a3 {Strongly threatening ...axb2.} 24. Qe3 axb2 25. Kxb2 $2 (25. Nb3 {was the only defense.}) 25... Nb6 {[%cal Bd7b6,Bb6a4,Ba4c3,Bc3d1][%mdl 32]} 26. Bb5 $2 (26. Rd6 Nc8 27. Qxe5 Qc3+ 28. Qxc3 bxc3+ 29. Kxc3) 26... Ra5 27. Bf1 Na4+ 28. Ka1 Nc3 29. Rd3 Rfa8 {[%cal Ra5a2] ( -> ...Rxa2+)} 30. a3 Rxa3+ 31. Kb2 {[#]} Nd1+ $1 {[%mdl 512] Precision: White = 13%, Black = 95%.} 0-1

[Event "4th Ordu Open 2018"]
[Site "Ordu"]
[Date "2018.04.12"]
[Round "1.17"]
[White "Manik, Mikulas"]
[Black "Acar, Utku Cengiz"]
[Result "1-0"]
[WhiteElo "2433"]
[BlackElo "2026"]
[Annotator "TA"]
[PlyCount "119"]
[EventType "swiss"]
[EventCountry "TUR"]
[SourceTitle "playchess.com"]
[Source "ChessBase"]
[SourceQuality "1"]

{[%evp 22,118,-2,0,29,31,30,22,25,-14,0,16,0,-35,-11,-21,-21,-31,-37,-31,16,-31,-35,-37,-28,-105,-114,-112,-109,-131,-122,-134,-130,-145,-100,-117,-134,-225,-230,-244,-257,-318,-321,-310,-285,-281,0,-195,0,0,0,0,0,0,0,-198,-98,-285,-232,-248,-237,-233,0,0,0,-231,-206,-203,-204,-205,-204,-212,-206,-398,-327,-350,-186,-170,136,127,100,77,312,0,0,0,0,0,1103,1090,1002,521,977,910,29989,29990,29990,29991,29999]} 1. e4 c5 2. Nf3 e6 3. d4 cxd4 4. Nxd4 Nc6 5. Nc3 Qc7 6. f4 a6 7. Nxc6 bxc6 8. Bd3 d5 9. O-O Nf6 10. Qe2 Be7 {B46: Sicilian: Taimanov: 5 Nc3 a6} 11. e5 (11. Bd2 O-O 12. Rae1 Re8 13. Kh1 Bf8 14. e5 Nd7 15. Na4 g6 16. c4 Nc5 17. Nxc5 Bxc5 18. Rc1 {1-0 (44) Sutovsky,E (2673)-Pichot,A (2552) Caleta 2018}) 11... Nd7 12. Na4 {LiveBook: 9 Games} Nc5 {The position is equal.} (12... c5 {is more complex.} 13. c4 d4 14. Be4 Bb7 15. Bd2 O-O) 13. Nxc5 Bxc5+ 14. Kh1 g6 15. c4 $146 ({Predecessor:} 15. Bd2 a5 16. Bc3 h5 17. Be1 Be7 {1-0 (29) Battulga,N-Myagmarsuren,L (2216) Ulaanbaatar 2002}) 15... Qb6 16. Rb1 a5 17. cxd5 cxd5 18. Bb5+ Bd7 19. Bxd7+ Kxd7 20. f5 exf5 21. Qd3 Qb7 22. Bg5 Rhe8 23. Rbd1 (23. Rbc1 $11 Rac8 24. Bf6) 23... Rxe5 $17 24. Qc3 Bd6 25. Bf4 Re6 26. Bxd6 Kxd6 27. Rc1 Kd7 28. Qg7 Ke7 29. Qxh7 (29. Rfe1 $17 Raa6 30. Qxh7) 29... Re4 $19 30. Qh3 Qxb2 31. Rb1 Qe5 ({Less strong is} 31... Qxa2 32. Rb7+ Kf6 33. g4 $17) 32. Rb5 Kf6 33. Qh6 Ke7 $2 (33... Rb4 $19 34. Rc5 Rab8) 34. h3 $2 (34. Rb7+ $11 Ke6 35. Rb6+ Ke7 36. Rb7+ Ke6 37. Rb6+ Kd7 38. Rb7+ Ke6) 34... a4 $2 (34... Ke8 $19 35. Rb7 Re1) 35. Rb7+ $11 Ke6 {[#] Hoping for ...Rb8.} 36. Rb6+ Ke7 {...Rb8 is the strong threat.} 37. Rb7+ Ke6 {And now ...Rb8 would win.} 38. Qg5 $2 (38. Rb6+ $11 Kd7 39. Rb7+ Ke6) 38... Re8 (38... Qd6 $19 {is more deadly.} 39. Rfb1 Rc8) 39. Rbb1 $2 (39. Rb6+ $17 {was the only chance.} Kd7 40. Rb7+ Kc8 41. Rxf7) 39... d4 40. Rb6+ Kd7 41. Rb7+ Ke6 42. Rb6+ Kd7 43. Rb7+ Kc6 44. Rbb1 Re3 45. Rfc1+ Rc3 46. Qd2 Qc5 $1 47. Qf4 $2 (47. Qb2 {was called for.} Kd6 48. Rd1) 47... Re4 48. Qg5 Re6 (48... Qd6 $142 {Strongly threatening ...Kd7.} 49. Qd2 Rxc1+ 50. Qxc1+ Kd5) 49. Rd1 $19 {next Qd8 is good for White.} Rd6 $2 (49... Qd5 $19 {White must now prevent ...Re2.} 50. Rb8 Kc7) 50. Qe7 $16 {[%csl Gb1][%cal Re7b7][%mdl 1024] White has strong compensation.} Rd7 51. Qe8 $40 {[%mdl 128] White is out for blood.} Qd5 $2 {[#]} (51... Re3 $16 {might work better.} 52. Qb8 Rc3) 52. Qa8+ $2 ({White has to play} 52. Qb8 $1 $18 {[%csl Gb1][%cal Rb8b6]} Qc5 53. Re1) 52... Kd6 $11 53. Rb6+ Ke7 54. Qh8 Re3 $2 {[%mdl 8192]} (54... Rd8 $11 55. Qf6+ Ke8 56. Qh8+ Kd7) 55. Qf6+ $18 Ke8 56. Rb8+ Rd8 57. Rdb1 Re6 58. Qh8+ {White mates.} Ke7 59. R1b7+ Qxb7 60. Qxd8# {Precision: White = 33%, Black = 47%.} 1-0

[Event "4th Ordu Open 2018"]
[Site "Ordu"]
[Date "2018.04.11"]
[Round "1.18"]
[White "Sebt Rasoul, Seyede Setare"]
[Black "Druska, Juraj"]
[Result "0-1"]
[WhiteElo "1960"]
[BlackElo "2429"]
[Annotator "TA"]
[PlyCount "74"]
[EventType "swiss"]
[EventCountry "TUR"]
[SourceTitle "playchess.com"]
[Source "ChessBase"]
[SourceQuality "1"]

{[%evp 27,74,37,41,44,39,30,27,15,45,38,28,0,0,-19,-19,-17,-8,-18,-22,-53,-52,-54,-20,-83,-49,-233,-235,-319,-325,-324,-311,-712,-706,-706,-695,-712,-704,-888,-882,-1041,-1014,-1038,-1035,-1034,-1031,-1008,-969,-949,-942]} 1. e4 c5 2. Nf3 Nc6 3. d4 cxd4 4. Nxd4 g6 5. c4 Nf6 6. Nc3 d6 7. Be2 Nxd4 8. Qxd4 Bg7 9. Be3 O-O 10. Qd2 Be6 11. f3 a5 12. O-O a4 13. Rac1 {B36: Sicilian: Maroczy Bind: Gurgenidze System} (13. Nb5 Nd7 14. Rab1 Qa5 15. Qxa5 Rxa5 16. Nc7 Nc5 17. Rfc1 Rc8 18. Bd2 Ra7 19. Nxe6 Nxe6 20. Kf1 Nc5 {½-½ (78) Yu,Y (2751)-Mamedov,R (2709) Huaian 2017}) 13... Nd7 14. Nd5 Nc5 {LiveBook: 8 Games} 15. Kh1 {White is slightly better.} Re8 16. Rfd1 Qa5 $146 ({Predecessor:} 16... Bxd5 17. cxd5 Qa5 18. Rc4 b5 19. Qxa5 Rxa5 20. Rc2 b4 21. Bd4 b3 22. axb3 axb3 23. Rc4 {½-½ (24) Meier,V (2242)-Feldheim,J (1987) Nuremberg 2011}) 17. Qc2 Rac8 18. Bd2 Qa7 19. Bg5 Bxd5 20. Rxd5 Ne6 21. Bd2 Qf2 22. Be1 Qb6 23. b4 axb3 24. axb3 Ra8 (24... Nd4 $5 {[%cal Rd4c2]} 25. Bf2 e6 26. Bxd4 Bxd4 $15) 25. h3 (25. b4 $11) 25... Rec8 26. Bf1 $2 {[#]} (26. b4 $15) 26... Nd4 $1 $19 {[%cal Rd4c2]} 27. Bf2 e6 28. Bxd4 Bxd4 29. c5 $2 (29. Rxd4 Qxd4 30. Rd1) 29... exd5 {Black is clearly winning.} 30. cxb6 Rxc2 31. Rxc2 {[%mdl 4096] Endgame KRB-KRB} Ra1 32. Rc8+ Kg7 33. Rc7 Rxf1+ 34. Kh2 dxe4 35. fxe4 Rb1 36. g3 Rxb3 37. Rxb7 Rxb6 {Precision: White = 17%, Black = 72%.} 0-1

[Event "4th Ordu Open 2018"]
[Site "Ordu"]
[Date "2018.04.11"]
[Round "1.19"]
[White "Bakre, Tejas"]
[Black "Kaplan, Ebru"]
[Result "1-0"]
[WhiteElo "2427"]
[BlackElo "1904"]
[Annotator "TA"]
[PlyCount "51"]
[EventType "swiss"]
[EventCountry "TUR"]
[SourceTitle "playchess.com"]
[Source "ChessBase"]
[SourceQuality "1"]

{[%evp 19,50,13,40,0,114,116,136,137,147,136,508,517,518,517,472,484,487,486,483,481,29988,29989,29991,2048,29992,29993,29995,29996,29997,29998,29998,29999,29999]} 1. Nf3 d5 2. c4 c6 3. e3 Nf6 4. Nc3 e6 {[%cal Be7e6,Be6e5,Be5e4][%mdl 32]} 5. b3 Nbd7 6. Bb2 Bd6 7. Qc2 O-O 8. Rg1 {A11: English Opening: 1...c6} (8. Be2 Qe7 9. O-O b6 10. cxd5 cxd5 11. Nb5 Ba6 12. Qd1 Bxb5 13. Bxb5 a6 14. Be2 Ba3 15. Qc1 Bxb2 16. Qxb2 {½-½ (33) Ivanchuk,V (2728)-Duda,J (2707) Tbilisi 2017}) 8... e5 9. g4 e4 10. g5 Ne8 {LiveBook: 5 Games} 11. Nh4 $146 ({Find the theoretical novelty and annotate with similar games:} 11. Nd4 Ne5 12. Be2 a6 13. cxd5 c5 14. Qxe4 cxd4 15. Qxd4 Nd7 {1-0 (35) Alavkin,A (2423)-Liberman,E (2376) Samara 2012}) 11... Ne5 (11... Nc5 $1 $11 {remains equal.}) 12. cxd5 $16 cxd5 13. Nxd5 f5 {[#]} 14. Nf4 $1 Kh8 $2 {[%mdl 8192]} (14... Rf7 $16 {is tougher.}) 15. Bxe5 $18 Bxe5 {[#]} 16. Nhg6+ $1 {[%mdl 512]} hxg6 17. Nxg6+ Kh7 18. Nxf8+ ({Not} 18. Nxe5 Qd6 $18) 18... Kg8 {[#]} 19. Ng6 $1 Bxa1 (19... Qd6 $18 20. Nxe5 Qxe5) 20. Bc4+ Kh7 21. Nf8+ Kh8 22. Qd1 {[%cal Rd1h5] White mates.} Nf6 23. gxf6 Qxf6 24. Qh5+ Qh6 25. Qxh6+ gxh6 26. Rg8# {Precision: White = 97%, Black = 51%.} 1-0